000
00321nam a22001457a 4500
008
230404b ||||| |||| 00| 0 eng d
020
_a
9780137081899
041
_a
eng
080
_2
NINTH EDITION
_a
004
082
_a
004HOR
100
_a
18
101
_a
SHKP
245
_a
CORE JAVA
_c
HORSTMANN.S.C
942
_2
udc
_c
BK
999
_c
59499
_d
59499